| 000 -CABECERA |
| Campo de control de longitud fija |
00520nam a22001697a 4500 |
| 005 - FECHA Y HORA DE LA ÚLTIMA TRANSACCIÓN |
| Campo de control |
20241024183245.0 |
| 008 - CAMPO FIJO DE DESCRIPCIÓN FIJA--INFORMACIÓN GENERAL |
| Campo de control de longitud fija |
241024b ||||| |||| 00| 0 eng d |
| 020 ## - ISBN (INTERNATIONAL STANDARD BOOK NUMBER) |
| ISBN |
9788441550629 |
| 040 ## - FUENTE DE CATALOGACIÓN |
| Agencia de catalogación original |
CDMR |
| Agencia que realiza la modificación |
CDMR |
| 100 1# - ENCABEZAMIENTO PRINCIPAL--NOMBRE PERSONAL |
| 9 (RLIN) |
237 |
| Nombre de persona |
Soriano, Tino |
| 245 ## - MENCIÓN DE TÍTULO |
| Título |
Anatomía de una foto |
| Parte restante del título |
: consejos y anécdotas de los grandes maestros |
| Mención de responsabilidad, etc. |
/ Tino Soriano |
| 260 ## - PUBLICACIÓN, DISTRIBUCIÓN, ETC (PIE DE IMPRENTA) |
| Lugar de publicación, distribución, etc. |
Madrid : |
| Nombre del editor, distribuidor, etc. |
Anaya Multimedia, |
| Fecha de publicación, distribución, etc. |
2024 |
| 300 ## - DESCRIPCIÓN FÍSICA |
| Extensión |
236 pàgines |
| 490 ## - MENCIÓN DE SERIE |
| Mención de serie |
Photo Club |
| 650 #0 - ASIENTO SECUNDARIO DE MATERIA--TÉRMINO DE MATERIA |
| 9 (RLIN) |
4439 |
| Nombre de materia o nombre geográfico como elemento de entrada |
Fotografia |
| Subdivisión de forma |
Manuals, guies, etc. |
| 942 ## - ELEMENTOS KOHA |
| Fuente de clasificación o esquema de ordenación en estanterías |
|
| Koha tipo de item |
Monografies |